Fairstate Limited v General Enterprise & Management Limited and Atef Sarian (Record no. 83049)

MARC details
000 -LEADER
fixed length control field 01293cad a22002055a 4500
001 - CONTROL NUMBER
control field L152641
008 - FIXED-LENGTH DATA ELEMENTS--GENERAL INFORMATION
fixed length control field 110407e2010 xxk 000 0 eng d
035 ## - SYSTEM CONTROL NUMBER
System control number (Sirsi) u152641
041 0# - LANGUAGE CODE
Language code of text/sound track or separate title eng
245 00 - TITLE STATEMENT
Title Fairstate Limited v General Enterprise & Management Limited and Atef Sarian
Medium [electronic resource]
260 ## - PUBLICATION, DISTRIBUTION, ETC.
-- 2010
520 ## - SUMMARY, ETC.
Summary, etc. [2010] EWHC 3072 (QB), 29 November 2010. Considers whether deficiencies in the drafting of a personal guarantee of a management contract can be cured or not. Claimant (F) owner of a block of flats entered into a management contract with defendant (G) whose obligations were guaranteed by (S), a director of G. F sought to recover an agreed fixed monthly sum from G and S. S claimed the guarantee was not binding on him as it was unclear. "Held": HC decided that the guarantee was ineffective and beyond rectification and would have to be rewritten to give it any meaning.
590 ## - LOCAL NOTE (RLIN)
Local note KA
650 24 - SUBJECT ADDED ENTRY--TOPICAL TERM
Topical term or geographic name entry element FAIRSTATE LTD V GENERAL ENTERPRISE & MANAGEMENT LTD AND ANOTHER
650 24 - SUBJECT ADDED ENTRY--TOPICAL TERM
Topical term or geographic name entry element STATUTE OF FRAUDS 1677 S4
651 #4 - SUBJECT ADDED ENTRY--GEOGRAPHIC NAME
Geographic name England and Wales
Chronological subdivision 1543-
690 ## - LOCAL SUBJECT ADDED ENTRY--TOPICAL TERM (OCLC, RLIN)
Topical term or geographic name as entry element PROPERTY-LEASEHOLD PROPERTY-LANDLORD AND TENANT
856 40 - ELECTRONIC LOCATION AND ACCESS
Uniform Resource Identifier <a href="https://www.bailii.org/ew/cases/EWHC/QB/2010/3072.html">https://www.bailii.org/ew/cases/EWHC/QB/2010/3072.html</a>
Public note View the law report free of charge at www.bailii.org
942 ## - ADDED ENTRY ELEMENTS (KOHA)
Suppress in OPAC 0
Holdings
Withdrawn status Lost status Source of classification or shelving scheme Damaged status Not for loan Home library Current library Shelving location Date acquired Total Checkouts Full call number Barcode Date last seen Copy number Price effective from Koha item type
    Dewey Decimal Classification     Virtual Virtual Online 07/04/2011   ONLINE PUBLICATION 152641-2001 06/08/2019 1 06/08/2019 Law report